Statistics for Three-Name Movie Stars Quiz

Click here to take the quiz!

General Stats

  • This quiz has been taken 78,183 times
  • The average score is 12 of 20

Answer Stats

Movie Star% Correct
Jamie {Lee} Curtis
95%
Sarah {Jessica} Parker
93%
Catherine {Zeta}-Jones
90%
Neil {Patrick} Harris
89%
Jennifer {Love} Hewitt
88%
Daniel {Day}-Lewis
85%
Sarah {Michelle} Gellar
78%
Helena {Bonham} Carter
73%
Philip {Seymour} Hoffman
70%
James {Earl} Jones
64%
Julia {Louis}-Dreyfus
54%
Seann {William} Scott
47%
Lara {Flynn} Boyle
46%
Jennifer {Jason} Leigh
42%
Billy {Dee} Williams
39%
Edward {James} Olmos
39%
David {Hyde} Pierce
38%
Andrew {Dice} Clay
35%
Keenen {Ivory} Wayans
30%
David {Alan} Grier
27%

Score Distribution

Percentile by Number Answered

Percent of People with Each Score

Your Score History

You have not taken this quiz